Guía de tierra Santa: historia - arqueologia - biblia

I tiakina i:
Ngā taipitopito rārangi puna kōrero
Kaituhi matua: Diez Fernández, Florentino (Author)
Hōputu: Pukapuka
Reo:Pāniora
I whakaputaina: Pamplona Verbo Divino 1993
Putanga:2a. ed
Ngā marau:
Ngā Tūtohu: Tāpirihia he Tūtohu
Kāore He Tūtohu, Me noho koe te mea tuatahi ki te tūtohu i tēnei pūkete!

MARC

LEADER 00000nam a2200000 a 4500
001 UCX8478
003 CL-VaPUC
008 940406e19930000SP |||||||||||||||||spa|d
020 |a 8471516950 
082 0 4 |a 275.69  |b DIE  |2 21 
100 0 |a Diez Fernández, Florentino  |e author  |9 325608 
245 1 0 |a Guía de tierra Santa: historia - arqueologia - biblia 
250 |a 2a. ed 
300 |a 466 p 
942 |c BK 
945 |d 19940406 00:00:00  |a aalvarez 
260 |a Pamplona  |b Verbo Divino  |c 1993 
650 0 |a Arqueología bíblica  |9 317810 
650 0 |a Arqueología cristiana   |9 325609 
583 |a last modification  |c 20120731 09:56:21  |k Rodrigo Vera 
999 |c 227968  |d 227966 
952 |0 0  |1 0  |4 0  |6 275_690000000000000_DIE_1993  |7 0  |8 A  |9 227488  |a BIBTEO  |b BIBTEO  |d 2019-11-15  |i 296595K  |l 1  |o 275.69 DIE 1993  |p 296595K  |r 2025-01-17  |s 2024-10-09  |w 2019-11-15  |y BK  |k ICR